000 00902nam a2200253 a 4500
005 20160107082303.0
008 140114t1996 ck ||||gr|||| 00| 0 spa d
020 _a9589362249
040 _aCO-BoIAVH
_cCO-BoIAVH
041 0 _aspa
044 _ack
082 0 4 _a363.7056
_bZ39c
100 1 _aZazueta, Aarón
245 1 _aCuestión de intereses :
_bparticipación y equidad en la formulación de políticas ambientales /
_cFundación FES; Aarón Zazueta
260 _aBogotá :
_bWorld Resources Institute:
_bFundación FES,
_cc1996.
300 _a65 páginas ;
_c26 x21 cm.
650 6 _aPolítica ambiental
650 6 _aParticipación comunitaria
650 4 _aEquidad
_xPolíticas
650 4 _aMedio ambiente
_xPolíticas
650 6 _aParticipación ciudadana
650 4 _aParticipación ciudadana
_xPolítica ambiental
942 _cLIBRO
_2ddc
999 _c102
_d102